The digest book of canoes, kayaks, & rafts /

Bibliographic Details
Main Author: Farmer, Charles J.
Format: Book
Language:English
Published: Northfield, Ill. : DBI Books, [1977]
Subjects:

MARC

Tag First Indicator Second Indicator Subfields
LEADER 00000cam a2200000 a 4500
001 in00000084446
005 20151008061403.0
008 780106s1977 ilua b 00010 engm
010 |a  76050749  
020 |a 0695807196 :  |c $5.95 
035 |a (OCoLC)03507138 
035 |9 AAJ7948AM 
040 |a DLC  |c DLC  |d m.c.  |d TXA  |d UtOrBLW 
043 |a n-us--- 
049 |a TXAM  |c [1362304] 
050 0 0 |a GV776.A2  |b F37 
082 0 |a 797.1/22/0973 
100 1 |a Farmer, Charles J. 
245 1 4 |a The digest book of canoes, kayaks, & rafts /  |c by Charles J. Farmer. 
264 1 |a Northfield, Ill. :  |b DBI Books,  |c [1977] 
264 4 |c ©1977 
300 |a 192 pages :  |b illustrations ;  |c 27 cm. 
336 |a text  |b txt  |2 rdacontent 
337 |a unmediated  |b n  |2 rdamedia 
338 |a volume  |b nc  |2 rdacarrier 
504 |a Bibliography: pages 62-64. 
650 0 |a Canoes and canoeing  |z United States. 
650 0 |a Rafting (Sports)  |z United States. 
650 0 |a Outdoor recreation  |z United States. 
999 |a MARS 
999 f f |s 3751b90f-5cdc-3501-b29a-47d86844438e  |i 4cd0242d-fe39-31da-aaf6-f5ddeac04e92  |t 0 
952 f f |p ric  |a Texas A&M University  |b Rellis Campus  |c Joint Library Facility  |d Remote Storage  |t 0  |e GV776.A2 F37  |h Library of Congress classification  |i unmediated -- volume  |m A14806116424 
998 f f |a GV776.A2 F37  |t 0  |l Remote Storage